000 00530nam a2200169 i 4500
001 62299
003 ES-MaACL
005 20230906164637.0
007 t|
008 031119s1971 sp ||||1| spa d
100 1 _aFejtö, François.
_949139
245 1 0 _aHistoria de las democracias populares
_b: 1953-1970 /
_cFrancois Fejtoe ; [traducción de Manuel Cuesta].
260 _a[Barcelona] :
_bMartínez Roca,
_c[1971]
300 _a2 v. ;
_c20 cm.
700 1 _aCuesta, Manuel.
_942045
852 _aES-MaACL
_jC-40133-34
_bR.79119
999 _c62299
_d62299